Weird sports team names: guess the US city (2) - Statistics

General Stats
  • This quiz has been taken 18 times
  • The average score is 10 of 15
Answer Stats
Hint Answer % Correct
Tobacco Road are a soccer team from this city in North Carolina. Durham
94%
The multi-sport University of California Anteaters hail from this Los Angeles suburb. Irvine
94%
Arkansas School for the Deaf Leopards are a real school sports team from this state capital. Little Rock
88%
Baseball's Rubberducks are a well-named team when you think about the Ohio city where they are based. Akron
81%
A school here in Minnesota has named its teams the the Awesome Blossoms. Blooming Prairie
81%
There is a motoring connection between the Lugnuts baseball team and their home state. Lansing
81%
Named after the city in Spain, there is an Ohio baseball team called the Mud Hens here. Toledo
81%
Here in the desert country of Utah there is a school whose teams are called the Beetdiggers. Sandy
69%
The Old Farms School Winged Beavers come from this Connecticut town with an English connection. Avon
63%
The Fightin' Planets are a school sports team from this Pennsylvania municipality. Mars
63%
Illinois is home to the Cornjerkers, the sports teams of this town's school. Hoopeston
50%
The Galloping Ghosts school team come from this Lake Winnebago, WI town next to Appleton. Kaukauna
50%
The University of Arkansas Boll Weevils come from this Mediterranean-sounding town. Monticello
50%
This low-lying Detroit suburb has a school sports team called the Battling Bathers. Mount Clemens
44%
The Dots are the school sports team from this West Virginia town. Poca
38%
No matching quizzes found
Score Distribution
Percent of People with Each Score
Percentile by Number Answered
Your Score History
You have not taken this quiz